Alexander Graham Bell : A life story

Bibliographic Details
Main Author: Joseph,Mary
Corporate Author: Title
Format: Book
Published: UK : Rising Sun , 2005
Series:Great Scientists
Subjects:

MARC

LEADER 00000cam a2200000 7i4500
001 0000007024
005 20170523.0
008 070828
020 |a 1845573285 
090 0 0 |a JF   |b BIO ENG (6885) 
090 0 0 |a JF   |b BIO MAL(TAMAN U) 
100 1 |a Joseph,Mary 
245 1 0 |a Alexander Graham Bell :   |b A life story   |c written by Mary Joseph 
260 |a UK :   |b Rising Sun ,   |c 2005 
440 0 |a Great Scientists 
500 |a Children ages 7-9 years old (orange) 
650 0 |a Biography   |x Scientists 
710 0 |a Title 
999 |a 0000988002   |b Book   |c Children Collection   |e Perbadanan Perpustakaan Awam Johor 
999 |a 0001133956   |b Book   |c Children Collection   |e Cawangan Taman Universiti